Males de los pies (Record no. 20845)

MARC details
000 -LEADER
campo de control de longitud fija 00692nam a2200205 i 4500
001 - NÚMERO DE CONTROL
campo de control 20845
003 - IDENTIFICADOR DE NÚMERO DE CONTROL
campo de control ES-MaACL
005 - FECHA Y HORA DE LA ÚLTIMA TRANSACCIÓN
campo de control 20230906152356.0
007 - CAMPO FIJO DE DESCRIPCIÓN FÍSICA--INFORMACIÓN GENERAL
campo de control de longitud fija t|
008 - DATOS DE LONGITUD FIJA--INFORMACIÓN GENERAL
campo de control de longitud fija 021119s1955 sp ||||1| spa d
100 1# - ENTRADA PRINCIPAL--NOMBRE DE PERSONA
Nombre de persona Alamilla, J. R.
9 (RLIN) 19100
245 10 - MENCIÓN DEL TÍTULO
Título Males de los pies
Resto del título : manual práctico del callista /
Mención de responsabilidad, etc. por J.R. Alamilla ; prólogo de Mariano Gómez-Ulla ; epílogo de Jaime Peyri Rocamora.
250 ## - MENCION DE EDICION
Mención de edición 2ª ed. corr. y aum.
260 ## - PUBLICACIÓN, DISTRIBUCIÓN, ETC.
Lugar de publicación, distribución, etc. Madrid :
Nombre del editor, distribuidor, etc. Paraninfo,
Fecha de publicación, distribución, etc. 1955 (
Fabricante C.Y.S.)
300 ## - DESCRIPCIÓN FÍSICA
Extensión XV, 400 p. :
Otras características físicas il. ;
Dimensiones 21 cm.
700 1# - ENTRADA AGREGADA--NOMBRE PERSONAL
Nombre de persona Gómez-Ulla, Mariano.
9 (RLIN) 194304
700 1# - ENTRADA AGREGADA--NOMBRE PERSONAL
Nombre de persona Peyri Rocamora, Jaime.
9 (RLIN) 198161
852 ## - LOCALIZACIÓN
Ubicación ES-MaACL
Número de control de estantería C-10354
Sublocalización o colección R.38443
Holdings
Estatus retirado Estado de pérdida Estado de daño No para préstamo Biblioteca de origen Biblioteca actual Ubicación en estantería Fecha de adquisición Fuente de adquisición Total de préstamos Signatura topográfica completa Código de barras Visto por última vez Precio de reemplazo Tipo de ítem Koha
        Biblioteca del Ateneo de Madrid Biblioteca del Ateneo de Madrid Sala Palomar 17/01/2008     C-10354 1021407 23/02/2023 23/02/2023 Libro impreso